000 00320nam a22001337a 4500
008 171009b xxu||||| |||| 00| 0 eng d
020 _a9780716736783
041 _aeng
080 _25TH
_a159.9
100 _a49
101 _aPSI
245 _aCOGNITIVE PSYCHOLOGY AND ITS IMPLICATIONS
_cANDERSON.J.R
942 _2udc
_cBK
999 _c32672
_d32672